Größte Städte Europas - Extrem - Statistiken

Allgemein
  • Dieses Quiz wurde 24.996 mal gespielt
  • Das Durchschnittsergebnis liegt bei 77 aus 198
Antwortstatistiken
Bevölkerung Stadt % Korrekt
4.55 Mio. Berlin
97%
11.3 Mio. Paris
97%
14.5 Mio. London
96%
17.1 Mio. Moskau
96%
6.25 Mio. Madrid
95%
2.23 Mio. München
94%
2.80 Mio. Hamburg
93%
3.60 Mio. Rom
93%
4.65 Mio. Barcelona
92%
4.93 Mio. Köln / Düsseldorf
92%
2.20 Mio. Wien
91%
2.30 Mio. Warschau
89%
2.55 Mio. Lissabon
88%
1.16 Mio. Oslo
88%
2.13 Mio. Stockholm
87%
2.40 Mio. Amsterdam
86%
14.6 Mio. Istanbul
86%
3.40 Mio. Athen
85%
3.18 Mio. Frankfurt am Main
85%
5.27 Mio. Mailand
85%
1.40 Mio. Prag
84%
2.03 Mio. Brüssel
83%
1.35 Mio. Dublin
83%
1.25 Mio. Helsinki
83%
2.35 Mio. Stuttgart
83%
2.60 Mio. Budapest
82%
1.63 Mio. Kopenhagen
82%
5.50 Mio. Sankt Petersburg
82%
3.40 Mio. Kiew
81%
2.20 Mio. Bukarest
79%
1.65 Mio. Marseille
79%
1.38 Mio. Zürich
79%
3.00 Mio. Manchester
78%
780 Tsd. Dresden
76%
826 Tsd. Bremen
75%
561 Tsd. Leipzig
75%
4.25 Mio. Neapel
75%
921 Tsd. Zagreb
75%
1.96 Mio. Lyon
73%
3.18 Mio. Rotterdam / Den Haag
73%
1.33 Mio. Sofia
72%
654 Tsd. Riga
71%
1.14 Mio. Hannover
70%
1.18 Mio. Nürnberg
70%
1.15 Mio. Porto
70%
1.84 Mio. Liverpool
69%
572 Tsd. Tallinn
68%
1.98 Mio Minsk
67%
1.40 Mio. Belgrad
66%
1.67 Mio. Turin
65%
499 Tsd. Venedig
65%
1.75 Mio. Valencia
64%
1.64 Mio. Glasgow
63%
853 Tsd. Edinburgh
62%
1.32 Mio Sevilla
62%
692 Tsd. Vilnius
62%
633 Tsd. Bratislava
61%
3.08 Mio. Birmingham
60%
643 Tsd. Sarajevo
57%
941 Tsd. Nizza
56%
811 Tsd. Tirana
56%
546 Tsd. Ljubljana
55%
546 Tsd. Genf
54%
1.03 Mio. Bordeaux
53%
980 Tsd. Florenz
53%
812 Tsd. Krakau
53%
855 Tsd. Palermo
51%
508 Tsd. Basel
47%
938 Tsd. Danzig
47%
510 Tsd. Malmö
47%
668 Tsd. Skopje
47%
1.55 Mio. Mannheim
46%
848 Tsd. Belfast
45%
773 Tsd. Strassburg
45%
1.03 Mio. Antwerpen
44%
875 Tsd. Bilbao
44%
723 Tsd. Genua
43%
805 Tsd. Göteborg
43%
1.01 Mio. Toulouse
43%
434 Tsd. Augsburg
42%
1.00 Mio. Málaga
41%
634 Tsd. Freiburg im Breisgau
40%
1.29 Mio. Lille
40%
2.10 Mio. Leeds
39%
788 Tsd. Thessaloniki
39%
687 Tsd. Cardiff
38%
731 Tsd. Karlsruhe
37%
504 Tsd. Priština
37%
736 Tsd. Chișinău
36%
1.09 Mio. Odessa
36%
770 Tsd. Bologna
35%
613 Tsd. Nantes
35%
561 Tsd. Linz
33%
621 Tsd. Palma de Mallorca
33%
547 Tsd. Aachen
32%
1.46 Mio. Newcastle
32%
641 Tsd. Breslau
31%
1.46 Mio. Donezk
31%
483 Tsd. Stettin
30%
589 Tsd. Bari
29%
603 Tsd. Bielefeld
29%
590 Tsd. Gent
29%
797 Tsd. Saarbrücken
29%
790 Tsd. Lwiw
28%
697 Tsd. Eindhoven
27%
1.65 Mio. Kharkiw
27%
590 Tsd. Montpellier
27%
514 Tsd. Verona
27%
617 Tsd. Bristol
26%
923 Tsd. Łódź
26%
626 Tsd. Posen
26%
436 Tsd. Rennes
26%
751 Tsd. Saragossa
26%
1.14 Mio. Southampton
26%
1.41 Mio. Wolgograd
26%
431 Tsd. Braunschweig
25%
449 Tsd. Kaliningrad
24%
749 Tsd. Lüttich
24%
1.35 Mio. Nottingham
24%
1.53 Mio. Sheffield
24%
446 Tsd. Brighton
22%
561 Tsd. Granada
22%
1.29 Mio. Rostow-am-Don
22%
737 Tsd. Utrecht
22%
1.23 Mio. Kasan
21%
450 Tsd. Bergamo
20%
657 Tsd. Catania
20%
1.62 Mio. Jekaterinburg
20%
765 Tsd. Leicester
19%
1.76 Mio. Nischni Nowgorod
19%
483 Tsd. Groningen
18%
757 Tsd. Alicante
17%
476 Tsd. Cagliari
17%
425 Tsd. Metz
17%
418 Tsd. Warna
17%
1.38 Mio. Dnipro
16%
502 Tsd. Murcia
16%
423 Tsd. Brno
15%
776 Tsd. Krasnodar
15%
462 Tsd. Swansea
15%
1.12 Mio. Ufa
15%
661 Tsd. Grenoble
14%
1.11 Mio. Perm
14%
1.32 Mio. Samara
14%
445 Tsd. Luhansk
13%
481 Tsd. Vigo
13%
461 Tsd. Mariupol
12%
418 Tsd. Sewastopol
12%
439 Tsd. Lublin
11%
506 Tsd. Padua
11%
551 Tsd. Toulon
11%
595 Tsd. Kingston-upon-Hull
10%
505 Tsd. Ostrava
10%
543 Tsd. Plowdiw
10%
495 Tsd. Rouen
10%
527 Tsd. Saint-Étienne
10%
1.09 Mio. Saratow
10%
424 Tsd. Valladolid
10%
1.04 Mio. Woronesch
10%
465 Tsd. Bournemouth
9%
488 Tsd. Charleroi
9%
552 Tsd. Douai / Lens
9%
526 Tsd. Gomel
9%
459 Tsd. Tours
9%
470 Tsd. Brescia
8%
432 Tsd. Kursk
8%
548 Tsd. Orenburg
8%
475 Tsd. Stoke-on-Trent
8%
520 Tsd. Astrachan
7%
531 Tsd. Breda / Tilburg
7%
476 Tsd. Clermont-Ferrand
7%
591 Tsd. Jaroslawl
7%
759 Tsd. Saporischschja
7%
774 Tsd. Toljatti
7%
1.41 Mio. Tscheljabinsk
7%
484 Tsd. Belgorod
6%
500 Tsd. Bydgoszcz
6%
420 Tsd. Constanţa
6%
654 Tsd. Krywyi Rih
6%
469 Tsd. Middlesbrough
6%
524 Tsd. Rjasan
6%
501 Tsd. Tula
6%
437 Tsd. Twer
6%
465 Tsd. Iaşi
5%
553 Tsd. Kirow
5%
728 Tsd. Machatschkala
5%
585 Tsd. Penza
5%
422 Tsd. Taranto
5%
613 Tsd. Uljanowsk
5%
629 Tsd. Ischewsk
4%
508 Tsd. Lipezk
4%
494 Tsd. Mykolajiw
4%
426 Tsd. Brjansk
3%
453 Tsd. Iwanowo
3%
513 Tsd. Nabereschnyje Tschelny
3%
498 Tsd. Stawropol
3%
577 Tsd. Tscheboksary
3%
430 Tsd. Winnyzja
3%
Keine übereinstimmenden Quizze gefunden
Verteilung der Resultate
Anzahl Personen mit jedem Resultat
Perzentil nach korrekt beantworteten Fragen
Ihre Resultats-Entwicklung
Sie haben dieses Quiz noch nicht gespielt